|
|
|
|
| LEADER |
00000cas a2200000 a 4500 |
| 001 |
vtls010442568 |
| 003 |
SK-MaSNL |
| 005 |
20260228160355.0 |
| 008 |
120815c19919999xo br|p 0 0slo |
| 022 |
|
|
|a 1339-181X
|
| 040 |
|
|
|a SNK
|b slo
|c SNK
|e AACR2
|
| 041 |
0 |
|
|a slo
|
| 043 |
|
|
|a e-xo---
|
| 044 |
|
|
|a xo
|c SK
|
| 072 |
|
7 |
|a 352/354
|x Stupne miestnej, oblastnej a ústrednej správy
|2 konspekt
|
| 072 |
|
7 |
|a 394
|x Verejný a spoločenský život. Každodenný život
|2 konspekt
|
| 080 |
|
|
|a 353.9
|2 2011
|
| 080 |
|
|
|a 050
|2 2011
|
| 080 |
|
|
|a 394
|2 2011
|
| 080 |
|
|
|a (051)+(054)
|2 2011
|
| 210 |
0 |
|
|a Ivanské nov.
|
| 222 |
|
0 |
|a Ivanské novinky
|
| 245 |
0 |
0 |
|a Ivanské novinky
|
| 260 |
|
|
|a Ivanka pri Dunaji
|b Obecný úrad Ivanka pri Dunaji
|c 1991-
|
| 300 |
|
|
|a zv.
|c 30 cm
|
| 310 |
|
|
|a 6x ročne
|
| 362 |
0 |
|
|a [1991]-
|
| 500 |
|
|
|a Popis podľa: Roč. XXI, č. 4/2011
|
| 500 |
|
|
|a Evidenčné č.: EV 4425/11
|
| 515 |
|
|
|a V č. 1/2020 nie je uvedený roč., od č. 2/2020-2021 je uvádzaný roč. 30
|
| 515 |
|
|
|a Niektoré čísla vychádzajú ako dvojčíslo
|
| 650 |
0 |
7 |
|a územná samospráva
|2 SNKPH
|9 802
|
| 650 |
0 |
7 |
|a spoločenský život
|2 SNKPH
|9 28654
|
| 651 |
|
7 |
|a Ivanka pri Dunaji (Slovensko)
|2 SNKPHgeo
|9 14764
|
| 655 |
|
7 |
|a miestne periodiká
|2 SNKPH
|9 160938
|
| 655 |
|
7 |
|a regionálne periodiká
|2 SNKPH
|9 131775
|
| 856 |
4 |
1 |
|u https://www.ivankapridunaji.sk/archiv-casopisu-ivanske-novinky.html
|
| 910 |
|
|
|a snk
|
| 999 |
|
|
|c 2302
|d 4232
|
| 952 |
|
|
|0 0
|1 0
|4 0
|7 0
|8 0
|a SNK
|b SNK
|d 2024-05-27
|i snk2024/8311
|l 0
|o snkČSB 6183/30/2021
|p 17A1523430
|r 2026-02-21 19:53:04
|t č. 1-6
|w 2026-02-21
|y PREZ
|
| 952 |
|
|
|0 0
|1 0
|4 0
|7 0
|8 0
|a SNK
|b SNK
|d 2024-05-27
|i snk2024/8326
|l 0
|o snkČSB 6183/30/2022
|p 17A1523431
|r 2026-02-21 19:53:04
|t č. 1-6 + špeciál
|w 2026-02-21
|y PREZ
|z Špeciálne č.: Voľby 2022 ; ; Chybné ročníkovanie: má byť ročník 31
|
| 952 |
|
|
|0 0
|1 0
|4 0
|7 0
|8 0
|a SNK
|b SNK
|d 2024-05-27
|i snk2024/8327
|l 0
|o snkČSB 6183/32/2023
|p 17A1523432
|r 2026-02-21 19:53:04
|t č. 1-6
|w 2026-02-21
|y PREZ
|
| 952 |
|
|
|0 0
|1 0
|4 0
|7 0
|8 0
|a SNK
|b SNK
|d 2021-07-02
|i snk2021/8030
|l 0
|o snkČSB 6183/27/2018
|p 17A1434761
|r 2026-02-21 21:21:24
|t č. 1-7
|w 2026-02-21
|y PREZ
|
| 952 |
|
|
|0 0
|1 0
|4 0
|7 0
|8 0
|a SNK
|b SNK
|d 2021-07-02
|i snk2021/8033
|l 0
|o snkČSB 6183/28/2019
|p 17A1434760
|r 2026-02-21 21:21:24
|t č. 1-6
|w 2026-02-21
|y PREZ
|
| 952 |
|
|
|0 0
|1 0
|4 0
|7 0
|8 0
|a SNK
|b SNK
|d 2021-07-02
|i snk2021/8035
|l 0
|o snkČSB 6183/[29]/2020
|p 17A1434759
|r 2026-02-21 21:21:24
|t č. 1-6
|w 2026-02-21
|y PREZ
|z V č. 1 nie je uvedený roč., od č. 2 je uvádzaný roč. 30 - má byť roč. 29
|
| 952 |
|
|
|0 0
|1 0
|4 0
|7 0
|8 0
|a SNK
|b SNK
|d 2016-07-13
|i snk2016/17139
|l 0
|o snkČSB 6183/21/2011
|p 17A1100799
|r 2026-02-21 21:47:35
|t č. 1-6, neúplné
|w 2026-02-21
|y PREZ
|z Chýba č. 1-3
|
| 952 |
|
|
|0 0
|1 0
|4 0
|7 0
|8 0
|a SNK
|b SNK
|d 2016-07-13
|i snk2016/17141
|l 0
|o snkČSB 6183/22/2012
|p 17A1100800
|r 2026-02-21 21:47:35
|t č. 1-6
|w 2026-02-21
|y PREZ
|
| 952 |
|
|
|0 0
|1 0
|4 0
|7 0
|8 0
|a SNK
|b SNK
|d 2016-07-13
|i snk2016/17142
|l 0
|o snkČSB 6183/23/2013
|p 17A1100804
|r 2026-02-21 21:47:35
|t č. 1-6
|w 2026-02-21
|y PREZ
|
| 952 |
|
|
|0 0
|1 0
|4 0
|7 0
|8 0
|a SNK
|b SNK
|d 2016-07-13
|i snk2016/17143
|l 0
|o snkČSB 6183/24/2014
|p 17A1100802
|r 2026-02-21 21:47:35
|t č. 1-6, + špeciál
|w 2026-02-21
|y PREZ
|z Volebný špeciál
|
| 952 |
|
|
|0 0
|1 0
|4 0
|7 0
|8 0
|a SNK
|b SNK
|d 2016-07-13
|i snk2016/17147
|l 0
|o snkČSB 6183/25/2015
|p 17A1100803
|r 2026-02-21 21:47:35
|t č. 1-6
|w 2026-02-21
|y PREZ
|
| 952 |
|
|
|0 0
|1 0
|4 0
|7 0
|8 0
|a SNK
|b SNK
|d 2019-04-16
|i snk2019/11058
|l 0
|o snkČSB 6183/26/2017
|p 17A1366451
|r 2026-02-21 21:58:45
|t č. 1-6
|w 2026-02-21
|y PREZ
|
| 952 |
|
|
|0 0
|1 0
|4 0
|7 0
|8 0
|a SNK
|b SNK
|d 2019-04-15
|i snk2019/11001
|l 0
|o snkČSB 6183/25/2016
|p 17A1366450
|r 2026-02-21 21:59:30
|t č. 1-6
|w 2026-02-21
|y PREZ
|